| 000 | 00373nam a2200097Ia 4500 | ||
|---|---|---|---|
| 008 | 180130s9999 xx 000 0 und d | ||
| 245 |
_cBennett, Melanie E.; Peer, Jason; Gjonbalaj-Marovic, Selvija _aThe problem of dual diagnosis |
||
| 260 | _c2014 | ||
| 300 | _aBook title: Adult psychopathology and diagnosis--Acession number C20776; pages 35-102 | ||
| 650 | _aPSYCHOPATHOLOGY | ||
| 999 |
_c353907 _d353907 |
||